El mundo islámico: esplendor de una fe
Αποθηκεύτηκε σε:
| Κύριος συγγραφέας: | |
|---|---|
| Μορφή: | Βιβλίο |
| Γλώσσα: | Ισπανικά |
| Έκδοση: |
Barcelona
Folio
1989
|
| Θέματα: | |
| Ετικέτες: |
Προσθήκη ετικέτας
Δεν υπάρχουν, Καταχωρήστε ετικέτα πρώτοι!
|
MARC
| LEADER | 00000nam a2200000 a 4500 | ||
|---|---|---|---|
| 001 | UCX2535 | ||
| 003 | CL-VaPUC | ||
| 008 | 910613e19890000SP |||||||||||||||||spa|d | ||
| 082 | 0 | 4 | |a 297 |b ROB |2 21 |
| 100 | 0 | |a Robinson, Francis |e author |9 318487 | |
| 245 | 1 | 3 | |a El mundo islámico: esplendor de una fe |
| 300 | |a 237 p | ||
| 942 | |c BK | ||
| 945 | |d 19910613 00:00:00 | ||
| 260 | |a Barcelona |b Folio |c 1989 | ||
| 650 | 0 | |a Islamismo |9 314084 | |
| 650 | 0 | |a Países islámicos |9 318488 | |
| 583 | |a last modification |c 19910613 00:00:00 |k Rodrigo Vera | ||
| 999 | |c 223534 |d 223532 | ||
| 952 | |0 0 |1 0 |4 0 |6 297_000000000000000_ROB_1989 |7 0 |8 A |9 219444 |a BIBHIS |b BIBHIS |d 2019-11-15 |i 2881683 |o 297 ROB 1989 |p 2881683 |r 2025-01-20 |w 2019-11-15 |y BK |k HIS | ||